00378nam a2200169Ia 4500008004100000020001800041245001200059245001900071260001500090260001600105260000900121300001600130300002500146300001000171500000800181999001900189170705s9999 xx 000 0 und d a9780545200400 aSheep / cHobbs Valerie. aNew York : bScholastic, c2006 a115 pages : bcolor illustration ; c19cm. a660 c336202d336202